Cricket grounds England played test matches in under Duncan Fletcher - Statistics

General Stats
  • This quiz has been taken 3 times
  • The average score is 24 of 38
Answer Stats
Hint Answer % Correct
2002-03, 2006-07 Gabba, Brisbane
100%
2000 2001 2002 2003 2004 2006 Headingley, Leeds
100%
2000 2001 2002 2003 2004 2005 2006 Lord's, London
100%
2002-03, 2006-07 Melbourne Cricket Ground
100%
2000 2001 2002 2004 2005 2006 Old Trafford, Manchester
100%
2003, 2005 Riverside, Chester-le-Street
100%
2002-03, 2006-07 Sydney Cricket Ground
100%
2000 2001 2002 2003 2004 2005 2006 Trent Bridge, Nottingham
100%
2002-03, 2006-07 W.A.C.A., Perth
100%
2002-03, 2006-07 Adelaide Oval
67%
2000-01, 2003-04 Asgiriya Stadium, Kandy
67%
2001-02 Basin Reserve, Wellington
67%
2000 2001 2002 2003 2004 2005 2006 Edgbaston, Birmingham
67%
2000-01, 2005-06 Gaddafi Stadium, Lahore
67%
2000-01, 2005-06 Iqbal Stadium, Faisalabad
67%
2001-02 Jade Stadium / AMI Stadium, Christchurch
67%
2003-04 Kensington Oval, Bridgetown
67%
1999-2000, 2004-05 Kingsmead, Durban
67%
2000-01 National Stadium, Karachi
67%
1999-2000, 2004-05 Newlands, Cape Town
67%
2003-04 Queen's Park Oval, Port of Spain
67%
2003-04 Sabina Park, Kingston
67%
2000-01, 2003-04 Sinhalese Sports Club, Colombo
67%
1999-2000, 2004-05 St George's Park, Gqeberha (Port Elizabeth)
67%
2000 2001 2002 2003 2004 2005 2006 The Oval, London
67%
2005-06 Wankhede, Mumbai
67%
2003-04 Antigua Recreation Ground, St John's
33%
1999-2000, 2004-05 Centurion Park / SuperSport Park
33%
2003-04 Chattogram, Chittagong
33%
2001-02 Eden Park, Auckland
33%
2000-01, 2003-04 Galle International Stadium
33%
2001-02 M.Chinnaswamy Stadium, Bengaluru
33%
2001-02 Motera / Gujarat Stadium, Ahmedabad
33%
2005-06 Multan Cricket Stadium
33%
2003-04 National Stadium, Dhaka
33%
2001-02, 2005-06 Punjab Cricket Association Stadium, Mohali
33%
1999-2000, 2004-05 The Wanderers Stadium, Johannesburg
33%
2005-06 Vidarbha Cricket Association Ground, Nagpur
33%
No matching quizzes found
Score Distribution
Percent of People with Each Score
Percentile by Number Answered
Your Score History
You have not taken this quiz